| 000 | 01209nam a2200301Ia 4500 | ||
|---|---|---|---|
| 001 | 79272 | ||
| 003 | IT-RoPAU | ||
| 008 | 130308s9999 xx 000 0 und d | ||
| 040 | _aIT-RoPAU | ||
| 040 | _cIT-RoPAU | ||
| 041 | _aSPAGNOLO | ||
| 100 | _aFontenla Santos Cesar | ||
| 100 | _gCodice Aut. SPICS: 6536 | ||
| 245 | _aMedios de comunicacion: cine-historia del cine: el cine sonoro | ||
| 245 | _bMedios de comunicacion: cine-historia del Cine: El cine Sonoro | ||
| 250 | _a1a ed. | ||
| 260 | _aMADRID | ||
| 260 | _bEdiciones Paulinas | ||
| 260 | _c1974 [1° Ed.:1974 - Ed.Ling.Originale:1974] | ||
| 300 | _a"32 p. (prefazione: no ; testo: 32 [pagine: 0-0])" | ||
| 500 | _aCorso per Ocrrispondenza Sui mezzi di Comunicazione Sociale Storia del Cinema Sonoro Nuova Estetica Cinematografica Nazismo in Germania Eroismo e telefoni Bianchi in Italia in Francia Jean Renoir Rene' clair Marcel Carne' Duvivier e Feyder Hollywood e L'Età d'oro Fritz Lang Josef Von Sternberg King Vidor John Ford Hawks e Wilder William Wyler Elia Kazan | ||
| 650 | _aTEORIA DELLA COMUNICAZIONE SOCIALE | ||
| 650 | _eCodice materia Spics: 3802 | ||
| 942 | _cBK | ||
| 957 | _71 | ||
| 999 |
_c67061 _d67061 |
||
| 999 | _bSI | ||
| 999 | _g1 | ||